Music Quiz

Random Music or Clickable Quiz

3 Hits, 1 Click: 1960s Quiz Stats

 Plays Quiz Updated Mar 24, 2016

Support Sporcle.
Go Orange.
Score 0/50 Timer 09:00
1 Play Today
% Correct
The Beatles
87%
The Rolling Stones
86%
The Beach Boys
85.6%
Johnny Cash
85.1%
Simon & Garfunkel
84.9%
Aretha Franklin
84.9%
Sonny & Cher
82.7%
The Monkees
82.2%
Elvis Presley
81.7%
Neil Diamond
81.4%
Roy Orbison
81%
Creedence Clearwater Revival
80.6%
The Doors
79.9%
The Mamas & the Papas
79.7%
Tom Jones
79.2%
Chubby Checker
78.5%
Bob Dylan
75.6%
Steppenwolf
75.3%
The Supremes
73.9%
The Animals
73.8%
James Brown
71.7%
Ray Charles
71.4%
Peter, Paul and Mary
71.2%
The Righteous Brothers
70.5%
Marvin Gaye
70.1%
% Correct
Dusty Springfield
69%
Stevie Wonder
66.9%
Cream
65.6%
The 5th Dimension
64.6%
The Byrds
63.9%
Ben E. King
62.9%
The Four Seasons
61.8%
The Temptations
61.7%
Lesley Gore
60.2%
Herman's Hermits
59.9%
Martha & the Vandellas
59.9%
Donovan
57.7%
The Turtles
57.2%
Sly and the Family Stone
56.3%
Neil Sedaka
56.3%
Bobby Vinton
55.5%
The Lovin' Spoonful
53.9%
The Zombies
51.8%
Dion
51.5%
The Drifters
49.2%
Four Tops
48.7%
Jan and Dean
48.6%
The Marvelettes
47.9%
The Everly Brothers
45.5%
Sam Cooke
44.5%

You're not logged in!

Compare scores with friends on all Sporcle quizzes.
OR
Log In

From the Vault

Holiday Alphabet Soup

by citkeane

This time of year, the best thing you can do to keep warm is eat a nice bowl of soup.
Remove Ads.
Support Sporcle.
Get the best of Sporcle when you Go Orange. This ad-free experience offers more features, more stats, and more fun while also helping to support Sporcle. Thank you for becoming a member.

Show Comments

Extras

Top Quizzes Today


Score Distribution

Your Account Isn't Verified!

In order to create a playlist on Sporcle, you need to verify the email address you used during registration. Go to your Sporcle Settings to finish the process.

Report this User

Report this user for behavior that violates our Community Guidelines.

Details: